000 01242nam a2200517Ia 4500
001 42474
003 111514
005 20260325174935.0
008 ||||||n9999 ||| || ||
041 _aspa
082 _221
_a342085
100 _aForero B., Jose M.
_960813
245 0 _aLos derechos fundamentales y su desarrollo jurisprudencial
260 _aBogotá :
_bEditextos,
_c1993.
300 _a523p
562 _e9
650 0 _aAcción de tutela
_910820
650 _aCOLOMBIA
_960814
650 0 _aDerecho constitucional
_91802
650 0 _aDerecho de asociación sindical
_960815
650 _aDOCTRINA CONSTITUCIONAL
_960816
650 0 _aJurisprudencia constitucional
_95270
650 _aMEDIO AMBIENTE
_960817
650 0 _aSentencias
_99895
650 _aSERVICIOS PÚBLICOS
_960818
942 _cBKM
999 _c42474
_d42474
526 _a17598
526 _a102617
526 _a102618
526 _a15794
526 _a102620
526 _a10406
526 _a105630
526 _a1698
526 _a116204
526 _a4969
526 _a19790
526 _a104436
526 _a5144
526 _a51868
526 _a3899
526 _a9683
526 _a
526 _a1703
526 _a1697